Q on the Menu! Quiz Stats

Quiz Updated Feb 16, 2012

Also try: Z on the Menu!
Challenge
Share
Tweet
Embed
Score 0/25 Timer 07:00
1 Play Today
Description Food Or Drink % Correct
A small game bird, their mottled eggs are also considered a delicacyQuail
95.3%
Calamari is one preparation of this sea creatureSquid
83.2%
Mexican dish consisting of melted cheese in a tortillaQuesadilla
82.7%
Mexican spirit made from the agave plantTequila
66.2%
'Real Men' don't eat dishes consisting of egg custard baked in a crustQuiche
65.2%
Alcoholic beverages often referred to as spiritsLiquor
59%
Zucchini (courgette) is a variety of this; the name can also refer to a drink made of fruit syrupSquash
42.4%
Small round orange fruit, originating in AsiaKumquat
41.4%
Another name for a Chowder Clam, as Family Guy watchers may knowQuahog
39.4%
Small, tightly-rolled tortilla with meat or vegetable filling, crisp-fried.Taquito
32.4%
Thick soup, typically containing pureed crustaceansBisque
27.2%
Alcoholic beverage, bottled with flavours and added sugar e.g. Kahlua or Grand MarnierLiqueur
26.3%
Braised chicken (not necessarily rooster) and wine are the main ingredients of this French dishCoq Au Vin
23.9%
Description Food Or Drink % Correct
Grain-like crop that is a staple in the Andes; the grains are actually edible seedsQuinoa
23.6%
Turkey is the number one producer of this golden pear-shaped fruitQuince
20.7%
Blue cheese made from sheep's milk, also lends its name to a salad dressing and a Disney mouseRoquefort
20%
The meat of a young pigeonSquab
19.9%
This dry gin was introduced in London in 1830Tanqueray
18.5%
English spelling of a Scandinavian liqueur, the name of which means 'Water of Life'Aquavit
13.2%
Muffins, biscuits, cornbread, all leavened without yeast, are classified as thisQuick Bread
12.7%
The main ingredients of this cocktail are rum and lime juiceDaiquiri
9.6%
Bundle of herbs added to soups or stewsBouquet Garni
8.1%
French scallop dish with a religious nameCoquille St. Jacques
5.7%
French fast food - a small deep fried roll, with potato, meats, vegetables, etcCroquette
5.5%
Oriental fruit, now grown worldwide, containing large brown pitsLoquat
2.1%

You're not logged in!

Compare scores with friends on all Sporcle quizzes.
Sign Up with Email
OR
Log In

You Might Also Like...

Show Comments

Extras

Top Quizzes Today


Score Distribution

Your Account Isn't Verified!

In order to create a playlist on Sporcle, you need to verify the email address you used during registration. Go to your Sporcle Settings to finish the process.